| 000 | 02278nam a22003854i 4500 | ||
|---|---|---|---|
| 001 | 991061742702806706 | ||
| 003 | ES-BaIT | ||
| 005 | 20260413124241.0 | ||
| 008 | 260413e202603 sp 000 0 spa c | ||
| 017 |
_aDL M-4539- 2026 _bOficina DL Madrid |
||
| 020 | _a9788418657887 | ||
| 020 | _a841865788X | ||
| 040 |
_aES-BaIT _bcat _erda _cES-BaIT |
||
| 080 | _a793 | ||
| 100 |
_aLuz, Joaquin de , _d1976- _eautor _9146091 |
||
| 245 | 1 | 3 |
_aEl Cerebro en la danza : _bmovimiento, cuerpo, mente / _cJoaquín de Luz, Nazareth Castellanos |
| 250 | _a1ª edición | ||
| 264 | 1 |
_aMadrid : _bLa Huerta Grande, _cmarzo 2026 |
|
| 300 |
_a136 pàgines ; _c20 cm |
||
| 336 |
_atext _btxt _2rdacontent |
||
| 337 |
_asense mediació _bn _2rdamedia |
||
| 338 |
_avolum _bnc _2rdacarrier |
||
| 490 | 0 |
_aColección La Huerta grande ensayo ; _v39 |
|
| 504 | _aBibliografia pàgines: 125-128 | ||
| 520 | _a"Este libro nace de unir dos pasiones y de un empeño: ir más allá de la distancia de una lupa, de las fronteras de un laboratorio, de una partitura o de un escenario. Nazareth Castellanos y Joaquín de Luz se unen para pensar esas contradicciones hermosas a las que conduce una vida plena, aquellas que la danza, la ciencia y el estudio llevan en su seno. A lo largo del ensayo, la danza deja de ser solo una forma de expresión artística para reverlarse también como una medicina poderosa, capaz de influir en la memoria, la atención, el estado de ánimo y el bienestar emocional. De la neurociencia del cuerpo a la experiencia viva del movimiento, El cerebro en danza muestra cómo el gesto, la apostura, la respiración y el ritmo transforman la manera en que habitamos el mundo. Con un lenguaje cercano y riguroso, El cerebro en danza se dirige a lectores interesados en la ciencia y el bienestar y también a amantes de la danza, las artes escénicas y la cultura contemporánea. Un libro que invita a sentir, comprender y moverse de otra manera" -- Contracoberta | ||
| 650 | 4 |
_aMent i cos _957264 |
|
| 650 | 4 |
_aDansa _xAspectes psicològics _981041 |
|
| 650 | 7 |
_aMoviment _957326 |
|
| 650 | 7 |
_aNeuropsicologia _957443 |
|
| 650 | 7 |
_aRespiració _957673 |
|
| 700 | 1 |
_aCastellanos, Nazareth _eautor _9164856 |
|
| 908 | _aCDMAE | ||
| 940 | _aCDMAE | ||
| 942 |
_2udc _c1 |
||
| 999 |
_c137364 _d137364 |
||